00518nam a2200205Ia 4500008004100000020001800041050001600059100001800075245004200093245002500135260001500160260001600175260000900191300001600200300002000216300001000236300001800246440004000264500000800304170918s9999 xx 000 0 und d a9780439376068 bP639su 2002 aBeard, George 4aThe adventures of Super Diaper baby / cby Geronimo Stilton. aNew York : bScholastic, c2002 a125 pages : billustrations : c19cm. eSuper Diaper. vThe creators of Captain Underpants. a270